书目信息 |
| 书名: | For your freedom through ours | |
| 作者: | Donald E. Pienkos. | |
| 分册号: | ||
| 分册名: | 出版地: | Boulder : |
|
| 出版社: | East European Monographs | |
| 出版时间: | 1991. | |
| 页数: | ii, 620 p. : | |
| 开本: | 23 cm. | |
| 丛书名: | East European monographs | |
| 中图分类号: | ||
| 科图分类号: | ||
| 其他分类号: | K513 | |
| 主题词: | ||
| 电子资源: | ||
| 000 | 01374nam a2200337 a 450 | |
| 001 | E0752112517 | |
| 005 | 20070427142939.45 | |
| 008 | 910708s1991 coua b 000 0 eng | |
| 010 | @a91073671 | |
| 020 | @a0880332085. | |
| 035 | @A(DLC) 91073671 | |
| 040 | @aDLC@cDLC | |
| 043 | @an-us---@ae-pl--- | |
| 050 | 00 | @aE184.P7@bP5318 1991 |
| 090 | @aK513 | |
| 099 | @dK513@ex3 | |
| 100 | 1 | @aPienkos, Donald E. |
| 245 | 10 | @aFor your freedom through ours :@bPolish-American efforts on Poland’s behalf, 1863-1991 / @cDonald E. Pienkos. |
| 260 | @aBoulder :@bEast European Monographs ;@aNew York :@bDistributed by Columbia University Press,@c1991. | |
| 300 | @aii, 620 p. :@bill. ;@c23 cm. | |
| 440 | 0 | @aEast European monographs ;@vno. 311 |
| 500 | @aSpine title: Polish American efforts on Poland’s behalf. | |
| 504 | @aIncludes bibliographical references (p. 571-596) and indexes. | |
| 650 | 0 | @aPolish Americans@xPolitics and government. |
| 651 | 0 | @aUnited States@xRelations@zPoland. |
| 651 | 0 | @aPoland@xRelations@zUnited States. |
| 740 | 0 | @aPolish American efforts on Poland’s behalf. |
| 906 | @a7@bcbc@corignew@d2@eopcn@f19@gy-gencatlg | |
| 922 | @aadco | |
| 955 | @apn06 07-08-91; bx50 01-02-92; bh19 to bc00 01-10-92; lj11 to subj. 07-01-92; lk03 07-02-92; lk46 08-18-92 | |
| 991 | @bc-GenColl@hE184.P7@iP5318 1991@tCopy 1@wBOOKS | |
| For your freedom through ours : : Polish-American efforts on Poland’s behalf, 1863-1991 / / Donald E. Pienkos.-Boulder : : East European Monographs ; ; New York : : Distributed by Columbia University Press, , 1991. |
| ii, 620 p. : : ill. ; ; 23 cm.- (East European monographs ; no. 311 ) |
| Spine title: Polish American efforts on Poland’s behalf.-Includes bibliographical references (p. 571-596) and indexes. |
| ISBN 0880332085. |
| ● |
| 相关链接 |
|
|
|
|
正题名:For your freedom through ours
索取号:K513/x3
 
预约/预借
| 序号 | 登录号 | 条形码 | 馆藏地/架位号 | 状态 | 备注 |
| 1 | 5759 | 300057596 | 第二样本阅览室/ [索取号:K513/x3] | 在馆 | |
| 2 | 5760 | 300057603 | 第四借阅区/ [索取号:K513/x3] | 在馆 |